1929 1377 1184 1811 1057 1478 1411 1655 1941 1426 1463 1923 1850 1221 1610 1042 1177 1257 1529 1536 1110 1646 1626 1007 1172 1535 1913 1056 1540 1920 1128 1687 1383 1668 1011 1498 1217 1645 1445 1410 1086 1253 1402 1762 1588 1091 1643 1022 1723 1938 1895 1858 1580 1956 1155 1643 1310 1241 1207 1655 1683 1511 1526 1352 1224 1984 1725 1230 1343 1330 1551 1741 1870 1574 1984 1872 1977 1993 1917 1751 1634 1260 1575 1664 1676 1418 1968 1088 1139 1914 1893 1790 1167 1371 1126 1225 1856 1118 1978 BCNSPRNW ULIB Ver.6.0+V

เปลี่ยนเป็นภาษาไทย

Change to English
 แสดงรายละเอียดบรรณานุกรม
  กลับหน้าหลัก

Brief Record : Get Marc (ISO 2709) : E-mail record : QR code < ปิดหน้าต่าง
LEADER : 00000nam 2200000uu 4500
001    13399125716
003     ULIB
008    020711s2559 th a 000 0 tha d
020    9786167755311
050    ^aA^bอ324ว2559
100    อรทัย ชะฟู
245    วันนี้คือของขวัญของชีวิต ประสบการณ์การเป็นมะเร็งและการดูแลผู้ป่วยระยะสุดท้ายของ อรทัย ชะฟู
250    พิมพ์ครั้งที่ 2
260    กรุงเทพฯ :^bภาพพิมพ์,^c2559
300    143 หน้า;^b17 ซม. ซม.
500     สารบัญ : ภาคแรกเยียวยาฉัน ภาคสองเยียวยาเธอ ภาคสามวันนี้คือของขวัญของชีวิต ภาคสุดท้ายกรณีตัวอย่างการดูแลผู้ป่วยระยะสุดท้าย บทตามเราทุกคนสามารถดูแลผู้ป่วยระยะสุดท้ายได้ และรู้จักเธออรทัย ชะฟู
650    มะเร็ง-โรค^xผู้ป่วย-การดูแล
945    ^p60^l0^i002676
945    ^p0^l0^i002677
999    ^aประนอม เกษจรัล
รายการนี้ยังไม่มีแท็ก
คุณยังไม่ได้ล็อกอิน คุณสามารถมีกิจกรรมร่วมกับเว็บไซต์ได้ แต่ต้องล็อกอินก่อน ::
  ล็อกอิน

รายการสื่อสารสนเทศ

ลำดับที่ ประเภท เลขเรียก/บาร์โค้ด สถานที่ สถานะ
1. การศึกษาทั่วไป
การศึกษาทั่วไป
A อ324ว2559 ฉ.1 
  Barcode: 002676
ห้องสมุดวิทยาเขตสวรรค์ประชารักษ์
►หนังสือทั่วไป
บนชั้น
Note: สารบัญ : ภาคแรกเยียวยาฉัน ภาคสองเยียวยาเธอ ภาคสามวันนี้คือของขวัญของชีวิต ภาคสุดท้ายกรณีตัวอย่างการดูแลผู้ป่วยระยะสุดท้าย บทตามเราทุกคนสามารถดูแลผู้ป่วยระยะสุดท้ายได้ และรู้จักเธออรทัย ชะฟู
2. การศึกษาทั่วไป
การศึกษาทั่วไป
A อ324ว2559 ฉ.2 
  Barcode: 002677
ห้องสมุดวิทยาเขตสวรรค์ประชารักษ์
►หนังสือทั่วไป
บนชั้น

รายการใกล้เคียง
    ชื่อเรื่อง [วันนี้คือของขวัญของชีวิต ประสบการณ์การเป็นมะเร็งและการดูแลผู้ป่วยระยะสุดท้ายของ อรทัย ชะฟู]

    ผู้แต่ง [อรทัย ชะฟู]

BibComment


ยังไม่เคยถูกคอมเมนท์

คอมเมนท์ทรัพยากรรายการนี้
  คอมเมนท์: วันนี้คือของขวัญข..


 Copyright 2026. Bcnsprnw @Library